Lectures notes. The improvement of the earthquake resistance of low income housing

Sábháilte in:
Sonraí bibleagrafaíochta
Príomhchruthaitheoir: Schilderman, Theo
Formáid: LEABHAR
Teanga:English
Foilsithe / Cruthaithe: Rotterdam, Netherlands : Institute for Housing Studies BIE 1982
Clibeanna: Cuir clib leis
Níl clibeanna ann, Bí ar an gcéad duine le clib a chur leis an taifead seo!

MARC

LEADER 00000nam a2200000Ia 4500
003 MV0044
005 20221231144004.0
008 140114s1982 ne a 000 ||eng d
040 |c cru CEDI 
090 |a MV 44 
100 |a Schilderman, Theo  |9 21244 
245 |a Lectures notes. The improvement of the earthquake resistance of low income housing  
260 |a Rotterdam, Netherlands : Institute for Housing Studies BIE   |c 1982 
300 |a 131 páginas :ilustraciones  
942 |c MX 
999 |c 15246  |d 15246